|
|
|
|
| LEADER |
00000nab a2200000 a 4500 |
| 001 |
vtls001517450 |
| 003 |
SK-MaSNL |
| 005 |
20260318121726.0 |
| 008 |
141024c2005 xo |||||| | 000 b|hun |
| 015 |
|
|
|a SNBRB2005/02
|2 snkbucl
|
| 038 |
|
|
|a SNKBUCL
|
| 040 |
|
|
|a DSZK
|b slo
|c DSZK
|e AACR2
|
| 041 |
0 |
|
|a hun
|
| 044 |
|
|
|a xo
|c SK
|
| 080 |
|
|
|a 398.332.42(=511.141):398.8
|2 1997
|
| 080 |
|
|
|a 398.8
|2 1997
|
| 080 |
|
|
|a 784.4
|2 1997
|
| 100 |
1 |
|
|a Ág, Tibor,
|d 1928-2013
|4 aut
|9 174546
|
| 245 |
1 |
0 |
|a Ez új esztendőben vigadjunk
|b népzenéről kezdőknek és haladóknak
|n X.
|c Ág Tibor
|
| 300 |
|
|
|b Noty
|
| 650 |
0 |
7 |
|a ľudové piesne
|2 snkbucl
|9 1941
|
| 650 |
0 |
7 |
|a novoročné vinše
|2 snkbucl
|9 1068861
|
| 650 |
0 |
7 |
|a zvyky ľudové
|2 snkbucl
|9 553737
|
| 650 |
0 |
7 |
|a Nový rok
|2 snkbucl
|9 19945
|
| 651 |
|
7 |
|a Maďarsko
|2 snkbucl
|9 16754
|
| 773 |
0 |
|
|t Katedra
|g Évf. XII, sz. 5 (2005), o. 19
|x 1335-6445
|
| 852 |
|
|
|a SNK
|b KIS3GCP
|
| 852 |
|
|
|a DSZK
|b KIS3GCP
|
| 958 |
|
|
|a HU
|
| 958 |
|
|
|a SK
|
| 999 |
|
|
|c 3160974
|d 3162904
|